000 00537cam a22002291 4500
001 sa 63002757
003 DLC
005 20260227111936.0
008 940805s1962 ii 000 1 beno
010 _asa 63002757
025 _aPL480:I-B-466
035 _a(OCoLC)30890642
040 _aDLC
_cCU
_dCU
_dDLC
042 _apremarc
050 0 0 _aPK1718.K3
_bS9
100 1 _aKara, Bimala,
_d1921-2003.
245 1 0 _aSvargakhelanā.
260 _c[1962]
300 _a163 p.
_c23 cm.
500 _aIn Bengali.
500 _aA novel.
999 _c54641
_d54641